Transformers decepticons personnages - Statistiques

Statistiques générales
  • Ce quiz a été pris 145 fois
  • Le résultat moyen est 28 sur 341
Statistiques - réponses
Hint Réponse % Correct
Decepticons Megatron
100%
Seekers Starscream
94%
Decepticons Shockwave
74%
Decepticons Soundwave
74%
Ancien Prime Megatronus Prime/The Fallen
61%
Decepticons Barricade
56%
Combiner Devastator
56%
Decepticons Galvatron
53%
Planète Unicron
50%
Cassette Decepticons Laserbeak
49%
Cassette Decepticons Ravage
46%
Combaticons Brawl
43%
Cassette Decepticons Frenzy
43%
Constructicons Bonecrusher
41%
Decepticons Lockdown
41%
Seekers Skywarp
40%
Seekers Thundercracker
39%
Decepticons Blackout
38%
Constructicons Mixmaster
36%
Stunticons Breakdown
35%
Constructicons Long Haul
35%
Combaticons Onslaught
35%
Combiner Predaking
35%
Decepticons Scourge
35%
Decepticons Sideways
34%
Decepticons Blitzwing
31%
Decepticons Grindor
31%
Cassette Decepticons Rumble
31%
Decepticons Scorponok
31%
Combiner Bruticus
30%
Constructicons Scavenger
30%
Combaticons Swindle
30%
Decepticons Demolishor
29%
Predacons Rampage
29%
Decepticons Nitro Zeus
28%
Combaticons Vortex
28%
Constructicons Scrapper
26%
Rainmakers Acid Storm
25%
Decepticons Cyclonus
25%
Stunticons Motormaster
25%
Drones Stinger
25%
Dreads Berserker
24%
Seekers Blast
24%
Dreads Hatchet
24%
Combaticons Blast Off
23%
Dreads Crankcase
23%
Dreads Crowbar
23%
Fembots Airachnid
21%
Decepticons Dreadwing
21%
Insecticons Kickback
21%
Decepticons Knock Out
21%
Combiner Menasor
21%
Decepticons Ramjet
21%
Decepticons Thrust
21%
Dreads Dreadbot
20%
Decepticons Mohawk
20%
Decepticons Astrotrain
19%
Decepticons Dirge
19%
Ver géant Driller
19%
Decepticons Dropkick
19%
Constructicons Hook
19%
Decepticons Nemesis Prime
19%
Fembots Shatter
19%
Decepticons Skyquake
19%
Insecticons Bombshell
18%
Decepticons Overload
18%
Titan Trypticon
18%
Stunticons Dead End
16%
Fembots Nightbird
16%
Cassette Déceptions Ratbat
16%
Decepticon Justice Division Tarn
16%
Predacons Blackarachnia
15%
Constructicons Hightower
14%
Decepticons Lugnut
14%
Rainmakers Nova Storm
14%
Duocons Battletrap
13%
Cassette Decepticons Buzzsaw
13%
Insecticons Shrapnel
13%
Stunticons Drag Strip
11%
Infernocons Infernocus
11%
Drones KSI BOSS
11%
Decepticons Soundblaster
11%
Decepticons Steeljaw (Decepticon RID)
11%
Predacons Dinobot
10%
Decepticons Hardshell
10%
Decepticons Scrapmetal
10%
Decepticons Sixshot
10%
Decepticons Overlord
9%
Decepticons Payload
9%
Quintessa Quintesson
9%
Seekers Sun Storm
9%
Predacons Waspinator
9%
Pretenders Bludgeon
8%
Predacons Divebomb
8%
Decepticons Octane
8%
Pretenders Octopunch
8%
Seekers Slipstream
8%
Constructicons Dirt Boss
6%
Predacons Headstrong
6%
Rainmakers Ion Storm
6%
Predacons Razorclaw
6%
Decepticons Runabout
6%
Groupe Decepticons Sweeps
6%
Combiner Abominus
5%
Breastforce Deathsaurus
5%
Predacons Megatron Beast Wars
5%
Terrorcons Rippersnapper
5%
Headmasters Skullsmacher
5%
Reflector Spyglass
5%
Decepticons Thunderhoof
5%
Decepticons Tidal Wave
5%
Drones Vehicons
5%
Stunticons Wildrider
5%
Terrorcons Blot
4%
Predacons Cicadacon
4%
Terrorcons Cutthroat
4%
Breastforce Drillhorn
4%
Sharkticons Gnaw
4%
Combiner Liokaiser
4%
Headmasters Mindwipe
4%
Decepticons Runamuck
4%
Terrorcons Sinnertwin
4%
Reflector Spectro
4%
Predacons Tantrum
4%
Targetmasters Triggerhappy
4%
Decepticons Venom
4%
Horrorcons Apeface
3%
Decepticons Counterpunch
3%
Predacons Dinobot II
3%
Decepticons Doubledealer
3%
Seekers Firestorm
3%
Duocons Flywheels
3%
Decepticon Justice Division Helex
3%
Seekers Hotlink
3%
Terrorcons Hun-Gurrr
3%
Decepticon Justice Division Kaon
3%
Targetmasters Misfire
3%
Seekers Nacelle
3%
Decepticon Justice Division Nickel
3%
Stunticons Offroad
3%
Fembots Shadow Striker
3%
Predacons Sky-Byte
3%
Targetmasters Slugslinger
3%
Horrorcons Snapdragon
3%
Fembots Strika
3%
Decepticon Justice Division Tesarus
3%
Drones Two Heads
3%
Reflector Viewfinder
3%
Headmasters Weirdwolf
3%
Cassette Decepticons Beastbox
1%
Seekers Bitstream
1%
Stunticons Blackjack
1%
Decepticons Chop Shop
1%
Predacons Darksteel
1%
Fembots Flamewar
1%
Decepticons Fracture
1%
Cassette Decepticons Glit
1%
Headmasters partenaires Grax
1%
Breastforce Guyhawk
1%
Stunticons Heatseeker
1%
Breastforce Hellbat
1%
Breastforce Jallguar
1%
Decepticons Makeshift
1%
Targetmasters partenaires Nightstick
1%
Seacons Overbite
1%
Cassette Decepticons Overkill
1%
Combiner Piranacon
1%
Decepticons Pounce
1%
Seekers Red Wing
1%
Decepticons Rodimus Unicronus
1%
Seacons Seawing
1%
Decepticons Sentius Malus
1%
Fembots Skyjack
1%
Stunticons Slashmark
1%
Cassette Decepticons Slugfest
1%
Vehicons Steve
1%
Decepticons Stockade
1%
Predacons Tarantulas
1%
Seekers Thunderstorm
1%
Decepticon Justice Division Vos
1%
Seekers Wheezing Arrow
1%
Decepticons Wingspan
1%
Targetmasters partenaires Aimless
0%
Quintessa Allicons
0%
Fembots Alphastrike
0%
Dreads Assaulter
0%
Cassette Decepticons Autoscout
0%
Decepticons Axiom
0%
Decepticons Bisk
0%
Breastforce Bisonbreast
0%
Decepticons Bloodron
0%
Targetmasters partenaires Blowpipe
0%
Decepticons Bombshock
0%
Decepticons Boostwing
0%
Headmasters partenaires Brisko
0%
Constructicons Buckethead
0%
Decepticons Bug Bite
0%
Decepticons Bugly
0%
Targetmasters partenaires Caliburst
0%
Decepticons Catgut
0%
Firecons Cindersaur
0%
Decepticons Clampdown
0%
Decepticons Clawtrap
0%
Breastforce Cobrabreast
0%
Decepticons Cratermaker
0%
Decepticons Crazybolt
0%
Titan Croaton
0%
Decepticons Crustacion
0%
Fembots Cyberwarp
0%
Decepticons Darkwing
0%
Breastforce Deathcobra
0%
Drones Deceptitran
0%
Decepticons Dery
0%
Decepticons Devron
0%
Auto Rollers Dirtbag
0%
Decepticons Doublecrosser
0%
Titan Dweller
0%
Breastforce Eaglebreast
0%
Cassette Decepticons Enemy
0%
Dreads Enforcer
0%
Decepticons Exhaust
0%
Headmasters Fangry
0%
Decepticons Fangtron
0%
Decepticons Fasttrack
0%
Fembots Filch
0%
Decepticons Fireline
0%
Firecons Flamefeather
0%
Decepticons Flamesnort
0%
Cassette Decepticons Flipe-Sides
0%
Decepticons Floron
0%
Targetmasters partenaires Fracas
0%
Cassette Decepticons Garboil
0%
Decepticons Gatoraider
0%
Decepticons Ghoulon
0%
Decepticons Giza
0%
Decepticons Glacius
0%
Decepticons Gladiaron
0%
Fembots Glowstrike
0%
Constructicons Graveddiger
0%
Decepticons Grinder
0%
Decepticons Groundpounder
0%
Seekers Hailstorm
0%
Targetmasters partenaires Hairsplitter
0%
Decepticons Hammerstike
0%
Breastforce Hawkbreast
0%
Decepticons Headlock
0%
Breastforce Hornbreast
0%
Headmasters Horri-Bull
0%
Cassette Decepticons Howlback
0%
Decepticons Incinerator
0%
Decepticons Jacknab
0%
Breastforce Jaguarbreast
0%
Breastforce Killbison
0%
Breastforce Komoribreast
0%
Headmasters partenaires Kreb
0%
Headmasters partenaires Krunk
0%
Breastforce Leozack
0%
Breastforce Lionbreast
0%
Headmasters partenaires Lokos
0%
Headmasters Lord Zarak
0%
Sentinel Omega Lugnut Supreme
0%
Decepticons Magnificus
0%
Decepticons Malodor
0%
Decepticons Minitron
0%
Headmasters partenaires Monzo
0%
Decepticons Mortron
0%
Seacons Nautilator
0%
Decepticons Nightstrike
0%
Decepticons Oil Slick
0%
Drones Overcharge
0%
Decepticons Paralon
0%
Decepticons Ped
0%
Decepticons Pilfer
0%
Decepticons Polarclow
0%
Decepticons Power Punch
0%
Decepticons Pseudo
0%
Targetmasters partenaires Pteraxadon
0%
Decepticons Quake
0%
Decepticons Quillfire
0%
Decepticons Ragebyte
0%
Predacons Ram Horn Beast Wars
0%
Decepticons Razorhorn
0%
Decepticons Razorpaw
0%
Decepticons Razor-Sharp
0%
Decepticons Riotgear
0%
Auto Rollers Roadblock
0%
Stunticons Roller Car
0%
Decepticons Ruckus
0%
Decepticons Saberhorn
0%
Decepticons Scatterspike
0%
Constructicons Scoop
0%
Decepticons Scowl
0%
Decepticons Scraplets
0%
Decepticons Scratch
0%
Predacons Sea Clamp
0%
Decepticons Shadelock
0%
Decepticons Shadow Raker
0%
Decepticons Sights
0%
Decepticons Silverhound
0%
Targetmasters partenaires Singe
0%
Seacons Skalor
0%
Decepticons Skullgrin
0%
Decepticons Slapper
0%
Decepticons Slicedice
0%
Seacons Snaptrap
0%
Decepticons Spaceshot
0%
Firecons Sparkstalker
0%
Headmasters partenaires Spasma
0%
Decepticons Spinister
0%
Decepticons Spittor
0%
Decepticons Springload
0%
Cassette Decepticons Squawktalk
0%
Headmasters Squeezeplay
0%
Cassette Decepticons Stage Dive
0%
Constructicons Steam Hammer
0%
Pretenders Stranglehold
0%
Decepticons Straxus
0%
Cassette Decepticons Sundor
0%
Decepticons Swelter
0%
Seacons Tentakil
0%
Decepticons Terrashock
0%
Decepticons Terror-Daxtyl
0%
Decepticons Thermidor
0%
Breastforce Tigerbreast
0%
Decepticons Tonbot
0%
Decepticons Torpor
0%
Decepticons Trannis
0%
Decepticons Treadshock
0%
Decepticons Underbite
0%
Decepticons | Predacons Vertebreak
0%
Decepticons Viper
0%
Headmasters partenaires Vorath
0%
Stunticons Wildbreack
0%
Decepticons Wildwheel
0%
Decepticons Windsweeper
0%
Decepticons Wingcode
0%
Cassette Decepticons Wingthing
0%
Fembots Zizza
0%
Decepticons Zorillor
0%
Aucun quiz correspondant
Distribution des résultats
% des personnes avec chaque résultat
Percentile par nombre de réponses
Votre historique - résultats
Vous n’avez pas pris ce quiz